| 000 | 00433nam a22001817a 4500 | ||
|---|---|---|---|
| 005 | 20230111123827.0 | ||
| 008 | 221217b |||||||| |||| 00| 0 eng d | ||
| 020 | _a978-5035-861-0 | ||
| 041 | _aeng | ||
| 082 | _a344 DHA-I | ||
| 100 |
_aDHAND , AMITA _97379 |
||
| 245 | _aINTERPRETATION OF STATUES | ||
| 250 | _a12th ed. | ||
| 260 |
_aHARYANA _bLEXIS NEXIS _c2022 |
||
| 300 | _a1015;P. | ||
| 650 |
_aLAW _95701 |
||
| 942 | _cBK | ||
| 999 |
_c8097 _d8095 |
||